| 000 | 00544nam a22001697a 4500 | ||
|---|---|---|---|
| 999 |
_c61239 _d61239 |
||
| 005 | 20240109170424.0 | ||
| 008 | 240109s1966 ru ||||| |||| 00| 0 rus d | ||
| 041 | _arus | ||
| 080 | _a902.6 М-45 | ||
| 100 |
_aМейерович, М. _921000 |
||
| 245 |
_aШлиман / _cМ. Мейерович. |
||
| 264 |
_aМосква : _bДетская литература, _c1966. |
||
| 300 |
_a190 с.: _bил. ; _c21 см. |
||
| 440 |
_aШкольная библиотека _921001 |
||
| 653 | _aშლიმანი | ||
| 942 |
_2udc _cᲬᲘᲒᲜᲘ |
||